| 000 | 01211nam a2200241 a 4500 | ||
|---|---|---|---|
| 001 | 000027221 | ||
| 005 | 20200930030700.0 | ||
| 008 | 110330s1986 dr ad r 001 0 spa d | ||
| 040 |
_aDO-SdBNP _bspa _cBNPHU |
||
| 082 |
_a339.53 _bG956i |
||
| 100 | 1 |
_aGuiliani Cury, Hugo, _d1940- _954287 |
|
| 245 | 1 | 3 |
_aEl inicio de los días difíciles / _cHugo Guiliani Cury. |
| 260 |
_aSanto Domingo : _bBanco Central de la República Dominicana, _c1986. |
||
| 300 |
_a184 p. : _bil., tabls. ; _c22 cm. |
||
| 504 | _aIncluye bibliografía y notas al final de capítulos. | ||
| 504 | _aBibliografía : p. 183-184 | ||
| 505 | 0 |
_tLa política monetaria y sus alternativas. Julio, 1982 -- _tLos incentivos y los aspectos fiscales en la política económica dominicana. Noviembre 1982 -- _tLatinoamérica y sus problemas económicos. Mayo 1983 -- _tLos programas de estabilización del Fondo Monetario Internacional y el caso dominicano. Marzo 1984. |
|
| 590 | _aInventariado, 2018/BT | ||
| 650 | 4 |
_aPolítica monetaria _zRepública Dominicana _95998 |
|
| 651 | 4 |
_aRepública Dominicana _xPolítica Económica _9643 |
|
| 651 | 4 |
_aRepública Dominicana _xCondiciones Económicas _9281 |
|
| 910 | _aValidado. Control de calidad. EMS | ||
| 999 |
_c26713 _d26713 |
||